Statistiques concernant Les plus gros partenaires commerciaux - Roumanie

Cliquez ici pour prendre le quiz!

Statistiques générales

  • Ce quiz a été pris 127 fois
  • Le résultat moyen est 19 sur 22

Statistiques - réponses

exportationsimportationspays% Correct
1,08 md2,19 mdRussie
99%
4,59 md4,14 mdFrance
98%
7,40 md7,67 mdItalie
97%
13,7 md15,3 mdAllemagne
95%
1,06 md0,71 mdEtats-Unis
95%
2,05 md2,32 mdBulgarie
94%
0,68 md3.82 mdChine
94%
2,75 md1,71 mdRoyaume-Uni
94%
0.78 mdUkraine
94%
1,91 md2,04 mdEspagne
93%
0,74 mdSerbie
92%
3,30 md5,60 mdHongrie
91%
2,02 md2,84 mdTurquie
90%
0,85 md0,88 mdGrèce
89%
1,83 md3,83 mdPologne
87%
0,83 mdMoldavie
86%
1,51 md2,66 mdAutriche
84%
1,61 md3,06 mdPays-Bas
79%
1,22 md1,74 mdBelgique
77%
1,11 md1,75 mdSlovaquie
77%
1,68 md2,11 mdTchequie
67%
0.91 mdKazakhstan
17%

Distribution des résultats

Percentile par nombre de réponses

% des personnes avec chaque résultat

Votre développement - résultats

Vous n’avez pas pris ce quiz